00808cam a2200241 a 450000100100000000500170001000800410002704000290006804200120009708200180010910000400012724500440016726000330021130000210024449000300026565000280029565000310032383000360035491000280039004900090041895201220042799900170054900001842820200929165515.0721227s1967 sp 000 1 spa d aDO-SdBNPbspacLCdBNPHU apremarc a863.64bC352h1 aCastillo Puche, José Luis.92561510aHicieron partes /cJ.L. Castillo-Puche. aBarcelona :bDestino,c1967. a325 p. ;c19 cm.1 aÁncora y Delfín,v297 4aNovela española91123 4aLiteratura española9632 0aÁncora y Delfín,v29795000 aCatalogación derivada aBNGR 001052708MOaGRbGRcCTd2010-05-06iLF1l0o863.64 C352hp18428-10r2020-06-25w2020-06-25y2ZPréstamo interno c17949d17949